Statistics for "Do Not Travel" Countries for Australian Citizens

Click here to take the quiz!

General Stats

  • This quiz has been taken 216 times
    (199 since last reset)
  • The average score is 9 of 13

Answer Stats

Answer% Correct
Iraq
92%
Afghanistan
88%
Syria
87%
Yemen
80%
South Sudan
77%
Somalia
75%
Mali
72%
Libya
71%
Central African Republic
69%
Niger
65%
Venezuela
62%
Chad
59%
Burundi
36%

Score Distribution

Percentile by Number Answered

Percent of People with Each Score

Your Score History

You have not taken this quiz since the last reset